William H. Macy Movies - Sudden Death - Statistics

General Stats
  • This quiz has been taken 10 times
  • The average score is 4 of 16
Answers on the Grid
Answers color-coded by a green-red scale on the quiz's grid according to % correct below.
Boogie Nights
Men in Black
Air Force One
Jurassic Park III
The Truman Show
The Virgin Suicides
Fargo
Ghosts of Mississippi
Black Hawk Down
The Lincoln Lawyer
Wild Hogs
Clueless
The Man Who Wasn't There
Searching for Bobby Fischer
Galaxy Quest
Juno
WarGames
Home Alone 2: Lost in New York
Mr. Holland's Opus
Pleasantville
The English Patient
Seabiscuit
Kingdom of the Planet of the Apes
Tropic Thunder
The Martian
Mystery Men
There Will Be Blood
The Hangover
Thank You for Smoking
Witness
Room
Spotlight
 
Answer Stats
Answer % Correct
Fargo
67%
Wild Hogs
67%
Pleasantville
56%
Boogie Nights
44%
Jurassic Park III
44%
Air Force One
33%
Seabiscuit
33%
Kingdom of the Planet of the Apes
22%
Room
22%
Thank You for Smoking
22%
The Lincoln Lawyer
22%
Mystery Men
11%
Ghosts of Mississippi
0%
Mr. Holland's Opus
0%
Searching for Bobby Fischer
0%
WarGames
0%
No matching quizzes found
Score Distribution
Percent of People with Each Score
Percentile by Number Answered
Your Score History
You have not taken this quiz